[Event "XIV Torneio Int. da Figueira da Foz"]
[Site "Figueira da Foz POR"]
[Date "2020.10.29"]
[Round "7.4"]
[White "Antolak, Julia"]
[Black "Dias, Paulo"]
[Result "1/2-1/2"]
[WhiteElo "2313"]
[BlackElo "2338"]
[WhiteFideId "1159569"]
[BlackFideId "1900803"]
[WhiteTitle "WIM"]
[BlackTitle "IM"]
[WhiteCountry "POL"]
[BlackCountry "POR"]
[PlyCount "87"]

1. e4 e5 2. Nf3 Nc6 3. Bb5 a6 4. Ba4 Nf6 5. O-O Be7 6. Re1 b5 7. Bb3 d6 8. c3
O-O 9. h3 Na5 10. Bc2 c5 11. d4 Nd7 12. a4 Bb7 13. d5 Nb6 14. b4 Nac4 15. a5 Nd7
16. Nbd2 Nxd2 17. Bxd2 c4 18. Be3 Nf6 19. Nh2 g6 20. f4 exf4 21. Bxf4 Nh5 22.
Bh6 Re8 23. Qf3 Bg5 24. Ng4 Bc8 25. Rf1 Bxg4 26. Qxf7+ Kh8 27. Bxg5 Qxg5 28.
hxg4 Rf8 29. Qxf8+ Rxf8 30. Rxf8+ Kg7 31. Raf1 Qxg4 32. Bd1 Qxe4 33. Bxh5 gxh5
34. R1f3 Qxd5 35. R8f5 Qd1+ 36. Kh2 Kg6 37. Rf6+ Kg5 38. Rf8 h4 39. Rg8+ Kh5 40.
Rf5+ Kh6 41. Rf4 Qe1 42. Rf6+ Kh5 43. Rf5+ Kh6 44. Rf6+ 1/2-1/2

[Event "XIV Torneio Int. da Figueira da Foz"]
[Site "Figueira da Foz POR"]
[Date "2020.10.29"]
[Round "7.5"]
[White "Santos, José Gulherme"]
[Black "Varela La Madrid, Tilsia"]
[Result "1-0"]
[WhiteElo "2229"]
[BlackElo "2060"]
[WhiteFideId "1939300"]
[BlackFideId "3903001"]
[BlackTitle "WIM"]
[WhiteCountry "POR"]
[BlackCountry "VEN"]
[PlyCount "77"]

1. c4 c6 2. e4 d5 3. exd5 cxd5 4. d4 Nf6 5. Nc3 Nc6 6. Nf3 Bg4 7. cxd5 Nxd5 8.
Qb3 Bxf3 9. gxf3 Nb6 10. Be3 e6 11. O-O-O Be7 12. d5 exd5 13. Nxd5 Nxd5 14. Rxd5
Qc7 15. Kb1 O-O 16. Bg2 Rad8 17. f4 Bf6 18. Rc1 Rxd5 19. Bxd5 Qd7 20. Qb5 Qf5+
21. Ka1 Ne7 22. Bc4 Qxb5 23. Bxb5 a6 24. Bd3 Rc8 25. Re1 a5 26. Be4 a4 27. Kb1
b5 28. Rd1 b4 29. Rd7 a3 30. b3 g6 31. Rb7 Rd8 32. Kc2 Nd5 33. Bxd5 Rxd5 34.
Rxb4 Rh5 35. Ra4 Rxh2 36. b4 g5 37. fxg5 Be5 38. Rxa3 f5 39. Ra5 1-0

[Event "XIV Torneio Int. da Figueira da Foz"]
[Site "Figueira da Foz POR"]
[Date "2020.10.29"]
[Round "7.6"]
[White "Garcia Dorado, Alberto"]
[Black "Fernandes, João Pedro"]
[Result "1/2-1/2"]
[WhiteElo "2181"]
[BlackElo "2084"]
[WhiteFideId "2252244"]
[BlackFideId "1926624"]
[WhiteTitle "CM"]
[WhiteCountry "ESP"]
[BlackCountry "POR"]
[PlyCount "61"]

1. d4 Nf6 2. c4 e6 3. Nc3 c5 4. d5 exd5 5. cxd5 d6 6. e4 g6 7. f4 Bg7 8. Bb5+
Nfd7 9. Be2 Qh4+ 10. g3 Qe7 11. Nf3 O-O 12. O-O Na6 13. f5 Ne5 14. Nxe5 Qxe5 15.
g4 Qd4+ 16. Qxd4 Bxd4+ 17. Kg2 Nc7 18. Bf4 Rd8 19. fxg6 hxg6 20. Bg5 Re8 21. Bf6
Bd7 22. g5 Bxc3 23. bxc3 Nxd5 24. exd5 Rxe2+ 25. Rf2 Re4 26. Rb1 b5 27. Rbf1
Rae8 28. Rf4 a5 29. Rxe4 Rxe4 30. Kf3 Re8 31. Rd1 1/2-1/2

[Event "XIV Torneio Int. da Figueira da Foz"]
[Site "Figueira da Foz POR"]
[Date "2020.10.29"]
[Round "7.7"]
[White "Alshameary Puente, Ismael"]
[Black "Stella, Andrea"]
[Result "1/2-1/2"]
[WhiteElo "2373"]
[BlackElo "2457"]
[WhiteFideId "2225166"]
[BlackFideId "827061"]
[WhiteTitle "IM"]
[BlackTitle "GM"]
[WhiteCountry "ESP"]
[BlackCountry "ITA"]
[PlyCount "94"]

1. d4 d5 2. c4 e6 3. Nc3 c6 4. Nf3 Nf6 5. Bg5 Nbd7 6. cxd5 exd5 7. Qc2 h6 8. Bh4
g5 9. Bg3 Nh5 10. O-O-O Nxg3 11. hxg3 g4 12. Nh4 Nb6 13. e4 dxe4 14. Qxe4+ Qe7
15. Bd3 Be6 16. Rhe1 Qg5+ 17. Kb1 O-O-O 18. Nf5 Bb4 19. d5 Nxd5 20. Nxd5 Rxd5
21. Qxb4 Bxf5 22. Re7 Bxd3+ 23. Rxd3 Qxe7 24. Qxe7 Rxd3 25. Qxf7 h5 26. Qf5+ Rd7
27. Qc5 a6 28. a3 Rd5 29. Qe3 Rhd8 30. f3 gxf3 31. gxf3 Kb8 32. Kc2 Ka8 33. f4
Rg8 34. Qf3 Rf8 35. Qh1 Rfd8 36. Qf3 Rc5+ 37. Kb1 Rf8 38. Qe3 Rcf5 39. Qe7 R5f7
40. Qg5 Rf5 41. Qe7 R8f7 42. Qd8+ Ka7 43. Qd4+ c5 44. Qd8 R7f6 45. Qe7 Rf7 46.
Qd8 R7f6 47. Qe7 Rf7 1/2-1/2

[Event "XIV Torneio Int. da Figueira da Foz"]
[Site "Figueira da Foz POR"]
[Date "2020.10.29"]
[Round "7.8"]
[White "Fernandes, Miguel"]
[Black "Djuric, Stefan"]
[Result "0-1"]
[WhiteElo "2139"]
[BlackElo "2358"]
[WhiteFideId "1920456"]
[BlackFideId "900133"]
[BlackTitle "GM"]
[WhiteCountry "POR"]
[BlackCountry "SRB"]
[PlyCount "77"]

1. d4 g6 2. c4 Nf6 3. Nc3 Bg7 4. e4 O-O 5. Nf3 d6 6. h3 Nbd7 7. Be3 a6 8. Be2 c6
9. a4 a5 10. g4 e5 11. d5 Qe7 12. Nd2 Nc5 13. g5 Nfd7 14. h4 Na6 15. h5 Nb4 16.
Na2 Nc5 17. Nxb4 axb4 18. Rg1 Bd7 19. a5 Ra6 20. Bxc5 dxc5 21. Nb3 cxd5 22. cxd5
b5 23. axb6 Rxb6 24. Ra7 gxh5 25. Na5 b3 26. Bxh5 c4 27. Qd2 Rc8 28. Rxd7 Qxd7
29. Bg4 Qa4 30. Bxc8 Bf8 31. Kf1 Bb4 32. Qd1 Bxa5 33. Bf5 c3 34. Qh5 Rg6 35.
Bxg6 hxg6 36. Qe2 c2 37. Kg2 Qd4 38. Rh1 Qd2 39. Qg4 0-1

[Event "XIV Torneio Int. da Figueira da Foz"]
[Site "Figueira da Foz POR"]
[Date "2020.10.29"]
[Round "7.9"]
[White "Tadevosyan, Aspet"]
[Black "Pintor, Simão"]
[Result "1-0"]
[WhiteElo "2136"]
[BlackElo "2115"]
[WhiteFideId "24526134"]
[BlackFideId "1904787"]
[WhiteCountry "ESP"]
[BlackCountry "POR"]
[PlyCount "95"]

1. e4 c5 2. Nf3 g6 3. d4 cxd4 4. Nxd4 Nc6 5. c4 Bg7 6. Be3 Nf6 7. Nc3 O-O 8. Be2
d6 9. O-O Nxd4 10. Bxd4 Bd7 11. h3 Bc6 12. Qc2 a5 13. Rad1 Qc7 14. Nd5 Bxd5 15.
exd5 a4 16. h4 Rfc8 17. Qd3 h5 18. Kh1 Nd7 19. g4 hxg4 20. Bxg4 Rf8 21. Rg1 Bxd4
22. Be6 Kg7 23. Qxd4+ Ne5 24. f4 Qxc4 25. fxe5 Qxd4 26. Rxd4 fxe6 27. Rdg4 exd5
28. Rxg6+ Kf7 29. e6+ Ke8 30. R1g4 b5 31. h5 Kd8 32. h6 Kc7 33. h7 Rh8 34. Rg7
Kb6 35. Kg2 Rac8 36. Rxe7 Rc2+ 37. Kg3 Rc1 38. Kh2 a3 39. bxa3 Rhc8 40. Rf7
R1c2+ 41. Rg2 d4 42. Rxc2 Rxc2+ 43. Kg3 Rc8 44. Kf3 Re8 45. e7 d3 46. Ke3 Kc6
47. Kxd3 Kd5 48. Ke4+ 1-0

[Event "XIV Torneio Int. da Figueira da Foz"]
[Site "Figueira da Foz POR"]
[Date "2020.10.29"]
[Round "7.10"]
[White "Löffner, Stefan"]
[Black "Torres Dominguez, David"]
[Result "1/2-1/2"]
[WhiteElo "2352"]
[BlackElo "2029"]
[WhiteFideId "4603257"]
[BlackFideId "2220857"]
[WhiteTitle "IM"]
[WhiteCountry "GER"]
[BlackCountry "ESP"]
[PlyCount "71"]

1. e4 e5 2. Bc4 Nc6 3. d3 Nf6 4. Nf3 Be7 5. O-O O-O 6. Re1 d6 7. a4 a6 8. Nbd2
Nd7 9. Nf1 Nb6 10. Bb3 Kh8 11. a5 Nd7 12. Ng3 Nc5 13. Bd5 Be6 14. Be3 Bxd5 15.
exd5 Nb4 16. d4 exd4 17. Bxd4 Nxd5 18. Bxg7+ Kxg7 19. Qxd5 Kh8 20. Nh5 Ne6 21.
Nd4 c6 22. Nxe6 cxd5 23. Nxd8 Bxd8 24. Re3 d4 25. Rb3 Rc8 26. c3 Rc5 27. Ng3
dxc3 28. bxc3 Rxa5 29. Rxa5 Bxa5 30. Rxb7 Bxc3 31. Ne4 Be5 32. Rd7 a5 33. Nxd6
Kg7 34. Kf1 Bxd6 35. Rxd6 Ra8 36. Rd7 1/2-1/2

[Event "XIV Torneio Int. da Figueira da Foz"]
[Site "Figueira da Foz POR"]
[Date "2020.10.29"]
[Round "7.11"]
[White "Silva, Mariana"]
[Black "Margarido, José"]
[Result "1/2-1/2"]
[WhiteElo "1885"]
[BlackElo "2138"]
[WhiteFideId "1911899"]
[BlackFideId "1914227"]
[WhiteTitle "WCM"]
[WhiteCountry "POR"]
[BlackCountry "POR"]
[PlyCount "137"]

1. Nf3 Nf6 2. g3 d5 3. b3 c5 4. Bb2 Nc6 5. Bg2 Qc7 6. O-O e5 7. d3 g6 8. Nbd2
Bg7 9. e4 O-O 10. h3 h6 11. Re1 Be6 12. exd5 Nxd5 13. Nc4 f6 14. a4 Bf7 15. Qe2
Rfe8 16. Nfd2 Nd4 17. Qd1 Rad8 18. Ne3 Nb4 19. Ndc4 Ndc6 20. Qe2 f5 21. Rab1 Nd4
22. Qd2 f4 23. Bxd4 exd4 24. Nf1 fxg3 25. Nxg3 b6 26. Ne4 Nd5 27. Qd1 Nf4 28.
Bf1 g5 29. Qf3 Bd5 30. Ncd2 Rf8 31. Qg3 Be5 32. Kh1 Rde8 33. Nc4 Qg7 34. Nxe5
Rxe5 35. Bg2 Ref5 36. Rf1 Bb7 37. Rbe1 Nxg2 38. Kxg2 Kh8 39. f3 Rf4 40. Re2 Bd5
41. Qe1 Qf7 42. Ref2 Qh5 43. Ng3 Qf7 44. Qe5+ Kg8 45. Ne4 Ba8 46. a5 Bxe4 47.
dxe4 Re8 48. Qd6 Rf6 49. Qg3 Rf4 50. axb6 axb6 51. Rd1 Rf8 52. Rd3 Qf6 53. Rd1
b5 54. Rd3 Kh8 55. Kg1 Qe5 56. Kg2 Kh7 57. Rf1 c4 58. bxc4 bxc4 59. Ra3 Qf6 60.
Rf2 Kh8 61. Ra5 Rd8 62. Rf1 d3 63. cxd3 cxd3 64. Rd1 Qc3 65. Raa1 Qc2+ 66. Qf2
Rc8 67. Rac1 Qxc1 68. Qd4+ Kg7 69. Qf2 1/2-1/2

[Event "XIV Torneio Int. da Figueira da Foz"]
[Site "Figueira da Foz POR"]
[Date "2020.10.29"]
[Round "7.12"]
[White "Pipiras, Filipa"]
[Black "Santos, António P"]
[Result "1/2-1/2"]
[WhiteElo "1912"]
[BlackElo "2123"]
[WhiteFideId "1944894"]
[BlackFideId "1900161"]
[BlackTitle "FM"]
[WhiteCountry "POR"]
[BlackCountry "POR"]
[PlyCount "112"]

1. d4 Nf6 2. Nf3 g6 3. c4 c5 4. Nc3 cxd4 5. Nxd4 Bg7 6. g3 O-O 7. Bg2 Nc6 8. O-O
Nxd4 9. Qxd4 d6 10. Qd3 a6 11. Bd2 Rb8 12. Rac1 b5 13. cxb5 axb5 14. Nxb5 Bf5
15. e4 Bd7 16. a4 Qb6 17. h3 Rfd8 18. Rfd1 Bxb5 19. axb5 Nd7 20. b4 Qxb5 21.
Qxb5 Rxb5 22. Rc7 Bd4 23. Bf1 Rbb8 24. Bg5 f6 25. Rxd4 fxg5 26. b5 Kf8 27. Be2
h5 28. Rd5 Ne5 29. Rd2 Rb6 30. Ra2 Rd7 31. Rc8+ Kg7 32. Raa8 g4 33. Rg8+ Kf7 34.
Raf8+ Ke6 35. hxg4 hxg4 36. Rf4 Rdb7 37. Bxg4+ Nxg4 38. Rxg4 Rxb5 39. R8xg6+ Kd7
40. Rf4 Re5 41. Kg2 Rb3 42. Rgg4 Rb4 43. Rh4 Ra4 44. f3 Rc5 45. Rf7 Re5 46. Rhh7
Raa5 47. g4 d5 48. exd5 Raxd5 49. f4 Re3 50. Kf2 Rdd3 51. g5 Rf3+ 52. Kg2 Rg3+
53. Kf2 Rdf3+ 54. Ke2 Re3+ 55. Kf2 Ref3+ 56. Ke2 Re3+ 1/2-1/2

[Event "XIV Torneio Int. da Figueira da Foz"]
[Site "Figueira da Foz POR"]
[Date "2020.10.29"]
[Round "7.13"]
[White "Fonseca, Pedro"]
[Black "Silva, Pedro Gil"]
[Result "0-1"]
[WhiteElo "1590"]
[BlackElo "2034"]
[WhiteFideId "1955624"]
[BlackFideId "1946102"]
[WhiteCountry "POR"]
[BlackCountry "POR"]
[PlyCount "168"]

1. e4 d5 2. exd5 Qxd5 3. Nc3 Qa5 4. Bc4 Nf6 5. d4 Bg4 6. Nge2 c6 7. O-O e6 8.
Bd2 Nbd7 9. Nd5 Qd8 10. Ndf4 Bd6 11. h3 Bf5 12. Ng3 Bxf4 13. Bxf4 Bg6 14. Re1
O-O 15. h4 Nb6 16. Bb3 h6 17. h5 Bh7 18. c3 a5 19. a4 Nbd5 20. Be5 Qe7 21. f4
Nd7 22. Bxd5 cxd5 23. f5 Rae8 24. Qg4 Nxe5 25. Rxe5 exf5 26. Nxf5 Bxf5 27. Qxf5
Qh4 28. Rxe8 Rxe8 29. Rf1 Qe7 30. Qxd5 Qc7 31. Qf3 b6 32. Qf4 Qb7 33. Rf3 Qd5
34. Qf5 Qb7 35. d5 Rd8 36. Rd3 Qe7 37. Qf3 Qe1+ 38. Qf1 Qe5 39. Qd1 Rd6 40. b4
axb4 41. cxb4 Qe4 42. Qd2 Qg4 43. a5 bxa5 44. bxa5 Qxh5 45. Qe1 Qf5 46. Qd2 Qe5
47. Qa2 Ra6 48. Rf3 Qe1+ 49. Rf1 Qxa5 50. Qc4 Rd6 51. Rd1 Qd8 52. Qe4 g6 53. Qe5
Qb6+ 54. Kh1 Qd8 55. Kg1 h5 56. g3 Qd7 57. Rb1 Qa7+ 58. Kh1 Rd8 59. Rd1 Qd7 60.
Kh2 Re8 61. Qb2 Qd6 62. Kg2 Re3 63. Qf2 Ra3 64. Rd2 Qd7 65. Qe2 h4 66. Rd3 Qb5
67. Rd2 Rxg3+ 68. Kh2 Qxe2+ 69. Rxe2 Rd3 70. Re4 Rxd5 71. Rxh4 Rh5 72. Rxh5 gxh5
73. Kg3 Kg7 74. Kf3 Kg6 75. Kf4 f5 76. Kf3 Kg5 77. Kg3 f4+ 78. Kh3 h4 79. Kh2
Kg4 80. Kg2 f3+ 81. Kh2 Kf4 82. Kg1 Ke3 83. Kh1 f2 84. Kh2 h3 0-1

[Event "XIV Torneio Int. da Figueira da Foz"]
[Site "Figueira da Foz POR"]
[Date "2020.10.29"]
[Round "7.14"]
[White "Morais, Mario M F"]
[Black "Röttgen, Jürgen"]
[Result "1-0"]
[WhiteElo "1808"]
[BlackElo "2099"]
[WhiteFideId "1959506"]
[BlackFideId "4629868"]
[WhiteCountry "POR"]
[BlackCountry "GER"]
[PlyCount "51"]

1. d4 d5 2. Nf3 Nf6 3. c4 c6 4. Nc3 dxc4 5. e3 b5 6. a4 b4 7. Na2 e6 8. Bxc4 Bd6
9. O-O O-O 10. Qe2 Nbd7 11. e4 Be7 12. Bf4 Qa5 13. Nc1 Qh5 14. Nd3 Bb7 15. Bd2
Qa5 16. Nf4 e5 17. Nd3 exd4 18. e5 Nd5 19. e6 N7f6 20. exf7+ Rxf7 21. Ng5 Bc8
22. Nxf7 Kxf7 23. Ne5+ Kf8 24. Nxc6 Qb6 25. Bxd5 Bg4 26. Qxe7# 1-0

[Event "XIV Torneio Int. da Figueira da Foz"]
[Site "Figueira da Foz POR"]
[Date "2020.10.29"]
[Round "7.15"]
[White "Guerreiro, Nuno"]
[Black "Marçal, Paulo"]
[Result "1-0"]
[WhiteElo "2079"]
[BlackElo "1652"]
[WhiteFideId "1903012"]
[BlackFideId "1903837"]
[WhiteCountry "POR"]
[BlackCountry "POR"]
[PlyCount "77"]

1. Nf3 Nf6 2. c4 c6 3. g3 g6 4. Bg2 Bg7 5. O-O O-O 6. Qc2 d5 7. Rd1 Na6 8. d3
Qb6 9. h3 dxc4 10. Qxc4 Be6 11. Qc2 Rfd8 12. Nc3 Nh5 13. Be3 Qc7 14. a3 h6 15.
Rac1 Rac8 16. Qa4 Bd7 17. Qh4 Bf6 18. Qc4 Be6 19. Qa4 Qd7 20. g4 Ng7 21. Bxh6
Ne8 22. Be3 Nd6 23. Qf4 Bb3 24. Rf1 Nc7 25. Qh6 Bg7 26. Qh4 Ne6 27. Nd2 Bd5 28.
b4 Bxg2 29. Kxg2 Nb5 30. Nxb5 cxb5 31. Ne4 b6 32. Rxc8 Rxc8 33. f4 Rc2 34. Rf2
f5 35. gxf5 gxf5 36. Ng3 Nf8 37. Qg5 Qd5+ 38. Kh2 e6 39. Nh5 1-0

[Event "XIV Torneio Int. da Figueira da Foz"]
[Site "Figueira da Foz POR"]
[Date "2020.10.29"]
[Round "7.16"]
[White "Movsisyan, Tigran"]
[Black "Dantas, Carlos"]
[Result "1/2-1/2"]
[WhiteElo "1730"]
[BlackElo "2126"]
[WhiteFideId "24581364"]
[BlackFideId "1900757"]
[WhiteCountry "ESP"]
[BlackCountry "POR"]
[PlyCount "81"]

1. e4 d5 2. exd5 Qxd5 3. Nf3 Nf6 4. Be2 Bg4 5. O-O Nc6 6. h3 Bh5 7. d4 e6 8. c4
Qd7 9. Be3 a6 10. Qb3 b6 11. Rd1 Be7 12. Ne5 Na5 13. Nxd7 Nxb3 14. Nxf6+ Bxf6
15. Bxh5 Nxa1 16. Na3 c5 17. Rxa1 cxd4 18. Bf4 g6 19. Bf3 O-O-O 20. Rd1 d3 21.
Rd2 Bd4 22. Be4 Rd7 23. Rxd3 f5 24. Nc2 Rhd8 25. Bd5 Bxf2+ 26. Kxf2 exd5 27.
cxd5 Rxd5 28. Rxd5 Rxd5 29. Be3 Kb7 30. Kf3 a5 31. h4 Re5 32. Nd4 Re4 33. g3 a4
34. a3 Kc7 35. Bf4+ Kd7 36. Nb5 Kc6 37. Nc3 Rc4 38. Ke3 b5 39. Kd3 Kb6 40. Bg5
Kc6 41. Ke4 1/2-1/2

[Event "XIV Torneio Int. da Figueira da Foz"]
[Site "Figueira da Foz POR"]
[Date "2020.10.31"]
[Round "8.1"]
[White "Grigoryan, Karen H"]
[Black "Santos, José Gulherme"]
[Result "1-0"]
[WhiteElo "2658"]
[BlackElo "2229"]
[WhiteFideId "13301004"]
[BlackFideId "1939300"]
[WhiteTitle "GM"]
[WhiteCountry "ARM"]
[BlackCountry "POR"]
[PlyCount "47"]

1. e4 c5 2. Nf3 d6 3. d4 cxd4 4. Nxd4 Nf6 5. Nc3 a6 6. h4 e5 7. Nb3 Be6 8. f4
exf4 9. Bxf4 Nc6 10. Qd2 Be7 11. O-O-O Ng4 12. h5 Nce5 13. h6 Nxh6 14. Nd4 Nhg4
15. g3 Qd7 16. Bh3 O-O-O 17. Nf5 Nf6 18. Qf2 Qc7 19. Nxg7 Bxh3 20. Rxh3 Rhg8 21.
Nf5 Kb8 22. Qd4 Rge8 23. Kb1 Bf8 24. Bg5 1-0

[Event "XIV Torneio Int. da Figueira da Foz"]
[Site "Figueira da Foz POR"]
[Date "2020.10.31"]
[Round "8.2"]
[White "Martín Duque, Jesus"]
[Black "Batsiashvili, Nino"]
[Result "0-1"]
[WhiteElo "2426"]
[BlackElo "2467"]
[WhiteFideId "2208954"]
[BlackFideId "13602993"]
[WhiteTitle "IM"]
[BlackTitle "GM"]
[WhiteCountry "ESP"]
[BlackCountry "GEO"]
[PlyCount "110"]

1. e4 e5 2. Nf3 Nc6 3. Bb5 a6 4. Ba4 Nf6 5. Bxc6 dxc6 6. d3 Nd7 7. Nbd2 Bd6 8.
Nc4 c5 9. O-O h6 10. a4 a5 11. b3 Qe7 12. Bb2 g5 13. Qe1 b6 14. Qc3 f6 15. Ne3
Nb8 16. Nf5 Qf7 17. Nd2 Nc6 18. Nc4 Bxf5 19. exf5 Nd4 20. Rae1 O-O-O 21. Qd2
Nxf5 22. Bc3 Ne7 23. Qe2 h5 24. Qf3 g4 25. Qa8+ Kd7 26. Qb7 Nd5 27. Bxe5 Rb8 28.
Nxd6 Rxb7 29. Nxf7 Rh7 30. Bxf6 Rxf7 31. Bh4 Nb4 32. Re2 Rb8 33. Rfe1 Nc6 34. c3
b5 35. Re6 bxa4 36. bxa4 Rb3 37. Rh6 Rxc3 38. Rxh5 Nb4 39. Rd1 Kc6 40. d4 cxd4
41. Rxa5 Rc5 42. Rb5 Rxb5 43. axb5+ Kc5 44. Bg5 d3 45. Bd2 Kxb5 46. Re1 c5 47.
Kf1 Ra7 48. Rb1 Ra2 49. Ke1 Kc4 50. h4 gxh3 51. gxh3 Nc2+ 52. Kf1 Nd4 53. Be3 d2
54. Bxd4 cxd4 55. Ke2 d3+ 0-1

[Event "XIV Torneio Int. da Figueira da Foz"]
[Site "Figueira da Foz POR"]
[Date "2020.10.31"]
[Round "8.3"]
[White "Djuric, Stefan"]
[Black "Cumming, Rhys"]
[Result "0-1"]
[WhiteElo "2358"]
[BlackElo "2299"]
[WhiteFideId "900133"]
[BlackFideId "470163"]
[WhiteTitle "GM"]
[BlackTitle "FM"]
[WhiteCountry "SRB"]
[BlackCountry "ENG"]
[PlyCount "103"]

1. c4 Nf6 2. Nc3 g6 3. Nf3 Bg7 4. e4 e5 5. Nxe5 O-O 6. Be2 Re8 7. Nf3 Nxe4 8.
Nxe4 Rxe4 9. d3 Re6 10. O-O d5 11. Bg5 Qe8 12. Re1 d4 13. Bf4 Re7 14. Qd2 Nc6
15. b4 a5 16. b5 Nd8 17. h3 Ne6 18. Be5 b6 19. Bxg7 Kxg7 20. Ne5 Bb7 21. Ng4 g5
22. Nh2 f6 23. Bg4 Nf4 24. Rxe7+ Qxe7 25. g3 Ng6 26. Bf3 Bxf3 27. Nxf3 Qd7 28.
Kg2 Re8 29. Re1 Rxe1 30. Qxe1 Nf8 31. Qe4 Ne6 32. Qd5 Qxd5 33. cxd5 Nc5 34. Nxd4
Kf7 35. Kf3 Nxd3 36. Ne6 Ke7 37. Nxc7 Nb4 38. a4 Kd6 39. Ne8+ Ke7 40. Nc7 Kd7
41. Na8 Nxd5 42. Ke4 Nc3+ 43. Kd4 Nxa4 44. Kd5 f5 45. f4 gxf4 46. gxf4 h6 47.
Ke5 Kc8 48. Kd6 Kb7 49. Nc7 Nc3 50. Ne6 Nxb5+ 51. Ke5 a4 52. Ke4 0-1

[Event "XIV Torneio Int. da Figueira da Foz"]
[Site "Figueira da Foz POR"]
[Date "2020.10.31"]
[Round "8.4"]
[White "Taboas Rodriguez, Daniel"]
[Black "Antolak, Julia"]
[Result "1/2-1/2"]
[WhiteElo "2365"]
[BlackElo "2313"]
[WhiteFideId "2208466"]
[BlackFideId "1159569"]
[WhiteTitle "FM"]
[BlackTitle "WIM"]
[WhiteCountry "ESP"]
[BlackCountry "POL"]
[PlyCount "166"]

1. d4 Nf6 2. Nf3 g6 3. c4 c5 4. d5 b5 5. cxb5 a6 6. b6 d6 7. Nc3 Nbd7 8. e4 Bg7
9. Bd3 O-O 10. O-O Rb8 11. Rb1 Nxb6 12. h3 Ne8 13. Bg5 Nc7 14. Qd2 Qd7 15. Bh6
Bb7 16. Rfe1 e6 17. Bxg7 Kxg7 18. dxe6 fxe6 19. Rbd1 Rbd8 20. Qe3 Qe7 21. b4 Nd7
22. a3 e5 23. Bc4 Rf6 24. Rd3 cxb4 25. axb4 Nf8 26. Bd5 Bxd5 27. Nxd5 Nxd5 28.
exd5 Qb7 29. Rb1 Rf4 30. Ng5 Rxb4 31. Rxb4 Qxb4 32. Rb3 Qd4 33. Rb7+ Kg8 34. Qf3
Qf4 35. Qxf4 exf4 36. Ra7 Re8 37. Nf3 a5 38. Rxa5 Nd7 39. Ra6 Ne5 40. Rxd6 Nxf3+
41. gxf3 Re1+ 42. Kg2 Rd1 43. h4 Kg7 44. Rd7+ Kg8 45. Kh3 h5 46. Kg2 Kf8 47. d6
Ke8 48. Re7+ Kf8 49. Re4 Rxd6 50. Rxf4+ Kg7 51. Ra4 Kf6 52. Ra5 Rb6 53. Rg5 Rb4
54. Kg3 Rb3 55. Rc5 Ra3 56. Rc6+ Kf5 57. Rc8 Kf6 58. Rf8+ Kg7 59. Re8 Kf6 60.
Re3 Ra1 61. Rb3 Rg1+ 62. Kf4 Rh1 63. Rb6+ Kg7 64. Kg3 Ra1 65. Rb4 Kf6 66. Rc4
Rb1 67. Rf4+ Ke6 68. Kg2 Ra1 69. Rf8 Ke7 70. Rf4 Ke6 71. Rb4 Kf5 72. Rb5+ Kf4
73. Rg5 Ra6 74. Rc5 Ra1 75. Rb5 Rc1 76. Rb4+ Kf5 77. f4 Ra1 78. Rb6 Rc1 79. Kf3
Rc3+ 80. Kg2 Rc1 81. f3 Ra1 82. Kg3 Rg1+ 83. Kf2 Ra1 1/2-1/2

[Event "XIV Torneio Int. da Figueira da Foz"]
[Site "Figueira da Foz POR"]
[Date "2020.10.31"]
[Round "8.5"]
[White "Dias, Paulo"]
[Black "Garcia Dorado, Alberto"]
[Result "1/2-1/2"]
[WhiteElo "2338"]
[BlackElo "2181"]
[WhiteFideId "1900803"]
[BlackFideId "2252244"]
[WhiteTitle "IM"]
[BlackTitle "CM"]
[WhiteCountry "POR"]
[BlackCountry "ESP"]
[PlyCount "103"]

1. d4 d5 2. c4 e6 3. Nc3 Bb4 4. Nf3 Nf6 5. Bg5 dxc4 6. e4 c5 7. Bxc4 cxd4 8.
Nxd4 Qa5 9. Bb5+ Bd7 10. Bxf6 Bxb5 11. Ndxb5 gxf6 12. O-O a6 13. Nd6+ Ke7 14.
Nc4 Qc7 15. Qb3 Bc5 16. Na4 Nd7 17. Rac1 b5 18. Nxc5 bxc4 19. Rxc4 Nxc5 20. Qa3
Rhc8 21. Rfc1 Qd6 22. Rxc5 Rxc5 23. Qxc5 Qxc5 24. Rxc5 Rd8 25. Rc7+ Kf8 26. Kf1
Rd2 27. Rb7 Kg7 28. h4 a5 29. a4 Rd4 30. b3 Rd2 31. Rb5 Rb2 32. g3 e5 33. f4 Kg6
34. fxe5 fxe5 35. Rxe5 Rxb3 36. Rxa5 Rb2 37. Ra8 Rb4 38. Ke2 Rxe4+ 39. Kd3 f5
40. a5 Kg7 41. Ra7+ Kh6 42. Rf7 Kg6 43. Rf8 Ra4 44. Ra8 Kh5 45. a6 Ra3+ 46. Kc4
Rxg3 47. Kb4 Rg1 48. Rh8 Ra1 49. Rxh7+ Kg6 50. Ra7 f4 51. Ra8 f3 52. Rf8 1/2-1/2

[Event "XIV Torneio Int. da Figueira da Foz"]
[Site "Figueira da Foz POR"]
[Date "2020.10.31"]
[Round "8.6"]
[White "Janik, Igor"]
[Black "Tadevosyan, Aspet"]
[Result "1-0"]
[WhiteElo "2489"]
[BlackElo "2136"]
[WhiteFideId "1159259"]
[BlackFideId "24526134"]
[WhiteTitle "IM"]
[WhiteCountry "POL"]
[BlackCountry "ESP"]
[PlyCount "141"]

1. e4 c5 2. Nf3 d6 3. Bb5+ Nd7 4. O-O a6 5. Bd3 Ngf6 6. Re1 g6 7. a4 Bg7 8. c3
O-O 9. Bc2 e5 10. d4 Re8 11. d5 b6 12. Nbd2 Qc7 13. b3 Nf8 14. Nf1 Bd7 15. Ng3
b5 16. Qe2 Reb8 17. Bd3 Qb7 18. Ra2 Be8 19. Bg5 h6 20. Be3 Ng4 21. Bd2 Nf6 22.
Rea1 b4 23. cxb4 cxb4 24. Rc2 N8d7 25. Rac1 Nc5 26. Bc4 Rc8 27. Ne1 h5 28. Nd3
Nxd3 29. Qxd3 Rcb8 30. Qe2 Bd7 31. Bd3 Ne8 32. a5 Bb5 33. Bxb5 Qxb5 34. Ra1 Kh7
35. Qxb5 Rxb5 36. Rc4 Bh6 37. Be1 Kg7 38. Ra4 Kf6 39. Ne2 Ra7 40. Rcxb4 Rc5 41.
Rc4 Rb5 42. b4 Rbb7 43. Nc3 Ke7 44. Kf1 Kd7 45. Ke2 Ra8 46. Ra2 Rc8 47. Rxc8
Kxc8 48. b5 Nc7 49. b6 Ne8 50. Rc2 Kb8 51. Na2 Rd7 52. Nb4 Kb7 53. f3 Bg5 54.
Kd3 Be7 55. Nc6 Bg5 56. g3 Bh6 57. Na7 Bg5 58. Bb4 Bf6 59. f4 g5 60. fxg5 Bxg5
61. h4 Be7 62. Rf2 f6 63. Nc6 Bf8 64. Nxe5 Rg7 65. Rf3 dxe5 66. Bxf8 Rf7 67. Bb4
Rg7 68. Ke3 Rg4 69. Be7 Rg6 70. Kf2 Rg4 71. d6 1-0

[Event "XIV Torneio Int. da Figueira da Foz"]
[Site "Figueira da Foz POR"]
[Date "2020.10.31"]
[Round "8.7"]
[White "Stella, Andrea"]
[Black "Varela La Madrid, Tilsia"]
[Result "1-0"]
[WhiteElo "2457"]
[BlackElo "2060"]
[WhiteFideId "827061"]
[BlackFideId "3903001"]
[WhiteTitle "GM"]
[BlackTitle "WIM"]
[WhiteCountry "ITA"]
[BlackCountry "VEN"]
[PlyCount "99"]

1. d4 d5 2. c4 c6 3. Nf3 Nf6 4. Nbd2 Bf5 5. Nh4 Bg6 6. Qb3 Qb6 7. Qh3 Nbd7 8.
Nxg6 fxg6 9. e3 O-O-O 10. c5 Qc7 11. f4 e6 12. Be2 Kb8 13. b4 Re8 14. O-O Be7
15. a4 Ka8 16. b5 Nb8 17. Nb3 Ne4 18. Bd3 Bf6 19. Qf3 g5 20. Bxe4 dxe4 21. Qxe4
gxf4 22. exf4 Qd7 23. Be3 Qd5 24. Qc2 g5 25. fxg5 Bxg5 26. Bxg5 Qxg5 27. Rae1 h5
28. Na5 Qg7 29. Qe4 Qd7 30. bxc6 Nxc6 31. Nxc6 bxc6 32. Rf2 h4 33. Ref1 h3 34.
Rf7 Qd5 35. Qxd5 exd5 36. gxh3 Rxh3 37. Rf8 Rxf8 38. Rxf8+ Kb7 39. Rf4 Ra3 40.
h4 Rxa4 41. h5 Ra3 42. Kg2 a5 43. h6 Ra2+ 44. Kg3 Re2 45. h7 Re8 46. Kg4 a4 47.
Kg5 Ka6 48. Rf7 Rh8 49. Kg6 a3 50. Rf3 1-0

[Event "XIV Torneio Int. da Figueira da Foz"]
[Site "Figueira da Foz POR"]
[Date "2020.10.31"]
[Round "8.8"]
[White "Silva, Pedro Gil"]
[Black "Alshameary Puente, Ismael"]
[Result "1-0"]
[WhiteElo "2034"]
[BlackElo "2373"]
[WhiteFideId "1946102"]
[BlackFideId "2225166"]
[BlackTitle "IM"]
[WhiteCountry "POR"]
[BlackCountry "ESP"]
[PlyCount "85"]

1. e4 c5 2. Nf3 d6 3. d4 cxd4 4. Qxd4 Nc6 5. Bb5 a6 6. Bxc6+ bxc6 7. Nc3 e5 8.
Qd3 Ne7 9. Be3 Ng6 10. O-O-O Be7 11. Nd2 Be6 12. Nc4 Bxc4 13. Qxc4 Qc8 14. g3
Rb8 15. Kb1 Qb7 16. b3 O-O 17. f4 Rfc8 18. Qd3 a5 19. f5 Nf8 20. g4 Nd7 21. g5
d5 22. exd5 cxd5 23. Nxd5 Nc5 24. Nxe7+ Qxe7 25. Bxc5 Qxc5 26. g6 hxg6 27. fxg6
fxg6 28. Rhg1 a4 29. Rxg6 a3 30. Rdg1 Rb7 31. h4 Re7 32. c4 e4 33. Qd5+ Qxd5 34.
cxd5 Rd7 35. d6 Re8 36. Kc2 e3 37. Kd3 e2 38. Re1 Kh7 39. h5 Re5 40. Rxe2 Rxh5
41. Re7 Rd5+ 42. Kc4 R5xd6 43. Rgxg7+ 1-0